000 00890cpcaa22002297a 4500
001 mm 80004839
003 DLC
005 20260227111702.0
008 800129|||||||||||| eng
010 _amm 80004839
040 _aDLC
_edacs
_cDLC
_dDLC
072 7 _aC
_2lcmd
100 1 _aWillis, John,
_dactive 1739-approximately 1746.
245 0 0 _aList of properties acquired by John Willis,
_fundated.
300 _a1
_fitem.
506 0 _aOpen to research.
520 8 _aList of properties acquired by Willis and his heirs in Alabama and Pennsylvania from 1739-1807.
546 _aCollection material in English.
580 _aForms part of: Miscellaneous Manuscripts collection.
999 _c42754
_d42754